000 00343nam a22001457a 4500
008 210305b ||||| |||| 00| 0 eng d
020 _a9780683090789
041 _aeng
080 _27th
_a616.31
082 _a616.31
100 _a5
101 _aSTO
245 _aClinical Practice of the Dental Hygienist
_cWilkins, E.M
942 _2udc
_cBK
999 _c55836
_d55836